Ferdinand I. (1503-1564)
| Titel: | Ferdinand I. (1503-1564) : kniže, král a císař / Alfred Kohler ; z německého originálu ... přeložil Karel Pacovský |
|---|---|
| Verfasser: | |
| Beteiligt: | |
| Ausgabe: | Vydání v českém jazyce první |
| Veröffentlicht: | České Budějovice : Bohumír NĚMEC - VEDUTA, nakladatelství a vydavatelství, 2017 |
| Umfang: | 332 Seiten : Illustrationen |
| Format: | Buch |
| Sprache: | Tschechisch |
| Schriftenreihe/ mehrbändiges Werk: |
Edice Koruna ; svazek 6 |
| Einheitssachtitel: |
Ferdinand I.$d1503 - 1564 : Fürst, König und Kaiser |
| ISBN: | 9788088030256 |
| Hinweise zum Inhalt: |
Inhaltsverzeichnis
|
alg: 43847217 001A $03004:02-11-18 001B $01999:06-11-18 $t12:06:25.000 001C $03004:02-11-18 $t12:06:44.000 001D $03004:02-11-18 001U $0utf8 001X $00 002@ $0Aau 002C $aText $btxt $2rdacontent 002D $aohne Hilfsmittel zu benutzen $bn $2rdamedia 002E $aBand $bnc $2rdacarrier 003@ $0438472179 004A $A978-80-88030-25-6 004E/07 $0OBVTAC14521506 006C $01028548052 $aOCoLC 006L $0AC14521506 007A $0AC14521506 $aOBV 007G $0DE02023782ACF6588BB16C125833C003DECE8 009P $qapplication/pdf $A2 $3Inhaltsverzeichnis $uhttp://scans.hebis.de/HEBCGI/show.pl?43847217_toc.pdf $mV:DE-603;B:DE-Mb50 010@ $acze $cger 010E $erda 011@ $a2017 $n2017 021A $aFerdinand I. (1503-1564) $dkniže, král a císař $hAlfred Kohler ; z německého originálu ... přeložil Karel Pacovský 022A $aFerdinand I.$d1503 - 1564 : Fürst, König und Kaiser028A $BVerfasser $4aut $7121520501 $8Kohler, Alfred$Z1943- [Tp1] $915288503X 028C $BÜbersetzer $4trl $7 $8Pacovský, Karel [Tnu] $9438472322 032@ $aVydání v českém jazyce první 033A $pČeské Budějovice $nBohumír NĚMEC - VEDUTA, nakladatelství a vydavatelství 034D $a332 Seiten 034M $aIllustrationen 036E $aEdice Koruna $lsvazek 6 044K $qGBV $RPhilipp $RAnna $RMaximilian $RPfeil, Franz $RMaximilian $RAlbrecht $RPoggiani, Giulio $#Ferdinand I. $#Ferdinand I. $#Ferdinand I. $#Ferdinand I. $#Ferdinand I. $#Ferdinand I. $#Ferdinandus I. $#Ferdinandus I. $#Ferdinandus I. $#Ferdinandus $#Ferdinandus $#Ferdinand I. $#Ferdinand I. $#Ferdinand $#Ferdinand I. $#Ferdinand I. $#Ferdinandt I. $#Ferdinand I. $#Ferdinand I. $#Ferdinandus $#Ferdinandus $#Ferdinandus I. $#Ferdinand I. $#Ferdinandus $#Ferdinandus $#Ferdinandus $#Ferdinandus $#Ferdinandus I. $#Ferdinand $#Ferdinand I. $#Fernando I. $#Ferdinand I. $#Ferdinand I. $#Ferdinand I. $#Ferdynand I. $#Ferdinand I. $#Ferdinand $#Ferdinand $#Ferdinand I. $#Ferdinand I. $#Ferdinandus I $#Ferdinand I $#Ferdinand $#Ferdinand I $#Ferdynand $#Ferdinandus I. $#Ferdinandus I. $#Ferdinandus I. $#Ferdinand $#Ferdinand I. Kaiser von Deutschland $#Ferdinand I. König von Böhmen $#Ferdinand I. König von Kroatien $#Ferdinandus I. $#Ferdinandus I. $#Ferdinandus I. $#Ferdinandus I. $#Ferdinandus I. $#Ferdinandus I. $#Ferdinandus $#Ferdinandus $#Ferdinandus $7118532502 $8$PFerdinand$nI.$lHeiliges Römisches Reich, Kaiser$Z1503-1564 [Tp1] $9086873571 045F $a900.94309031 $eDDC23BSB 045F/01 $a900 045F/03 $a- $g43 045F/03 $a- $f09031 lok: 43847217 24 exp: 43847217 24 1 #EPN 201B/01 $002-11-18 $t11:32:08.000 201C/01 $027-11-17 201U/01 $0utf8 203@/01 $0101206607X 208@/01 $a02-11-18 $bz 209A/01 $a18.01087 $du $f050 $h18 01087 $x00 209C/01 $a18.01087 K $h18 01087 K 209G/01 $a73938830 $x00 220C/01 $akon 247C/01 $8358050-7 Marburg, Bibliothek des Herder-Instituts Marburg $9102600961
| LEADER | 00000cam a2200000 c 4500 | ||
|---|---|---|---|
| 001 | 438472179 | ||
| 003 | DE-603 | ||
| 005 | 20181106120625.0 | ||
| 007 | tu | ||
| 008 | 181102s2017 xx |||| | u00||u|cze c | ||
| 020 | |a 9788088030256 | ||
| 028 | 5 | 2 | |a OBVTAC14521506 |
| 035 | |a (DE-599)OBVAC14521506 | ||
| 035 | |a AC14521506 | ||
| 040 | |a DE-603 |b ger |c DE-603 |d DE-603 |e rda | ||
| 041 | |a cze |h ger | ||
| 082 | 0 | 4 | |8 1\u |a 900.94309031 |q DE-101 |2 23/BSB |
| 085 | |8 1\u |b 900 | ||
| 085 | |8 1\u |z a |s - | ||
| 085 | |8 1\u |z a |s - | ||
| 100 | 1 | |a Kohler, Alfred |d 1943- |e Verfasser |4 aut |0 (DE-603)15288503X |0 (DE-588)121520501 |2 gnd | |
| 240 | 1 | 0 | |a Ferdinand I.$d1503 - 1564 : Fürst, König und Kaiser <tschech.> |
| 245 | 0 | 0 | |a Ferdinand I. (1503-1564) |b kniže, král a císař |c Alfred Kohler ; z německého originálu ... přeložil Karel Pacovský |
| 250 | |a Vydání v českém jazyce první | ||
| 264 | 1 | |a České Budějovice |b Bohumír NĚMEC - VEDUTA, nakladatelství a vydavatelství |c 2017 | |
| 300 | |a 332 Seiten |b Illustrationen | ||
| 336 | |a Text |b txt |2 rdacontent | ||
| 337 | |a ohne Hilfsmittel zu benutzen |b n |2 rdamedia | ||
| 338 | |a Band |b nc |2 rdacarrier | ||
| 490 | 0 | |a Edice Koruna |v svazek 6 | |
| 600 | 0 | 7 | |a Ferdinand |b I. |c Heiliges Römisches Reich, Kaiser |d 1503-1564 |0 (DE-588)118532502 |0 (DE-603)086873571 |2 gnd |
| 700 | 1 | |a Pacovský, Karel |e Übersetzer |4 trl |0 (DE-603)438472322 | |
| 856 | 4 | 2 | |m V:DE-603;B:DE-Mb50 |q application/pdf |u http://scans.hebis.de/HEBCGI/show.pl?43847217_toc.pdf |3 Inhaltsverzeichnis |
| 924 | 0 | |9 Mb 50 |a (DE-603)101206607X |b DE-Mb50 |c HES |d c |g 18.01087 | |


